Foundations of Education-2 (Record no. 25946)

MARC details
000 -LEADER
fixed length control field 00474nam a22001817a 4500
005 - DATE AND TIME OF LATEST TRANSACTION
control field 20230712152452.0
008 - FIXED-LENGTH DATA ELEMENTS--GENERAL INFORMATION
fixed length control field 230712b |||||||| |||| 00| 0 eng d
020 ## - INTERNATIONAL STANDARD BOOK NUMBER
ISBN 9789818073
082 ## - DEWEY DECIMAL CLASSIFICATION NUMBER
Classification number 371.001
Item number MUH-F
100 ## - MAIN ENTRY--AUTHOR
Author Name Muhammad Athar Khan
245 ## - TITLE STATEMENT
Title Foundations of Education-2
250 ## - EDITION STATEMENT
Edition statement 2 v
260 ## - PUBLICATION, DISTRIBUTION, ETC.
Place of Publication Pakistan
Name of publisher, distributor, etc. Sarhad University Education Publication Series
Date of publication, distribution, etc. 2021
300 ## - PHYSICAL DESCRIPTION
Pages 585
650 ## - SUBJECT ADDED ENTRY--TOPICAL TERM
Subject / Department Education
700 ## - ADDED ENTRY--PERSONAL NAME
Personal name Muhammad Athar Khan
952 ## - LOCATION AND ITEM INFORMATION (KOHA)
-- 0
-- 0
952 ## - LOCATION AND ITEM INFORMATION (KOHA)
-- 0
-- 0
Holdings
Lost status Damaged status Permanent Location Current Location Shelving Location Date acquired Full Call Number Accession No./Barcode Date last seen Copy number item type Collection code Koha item type
    Superior Information Resource Center (SIRC) Superior University - City Campus Superior Information Resource Center (SIRC) Superior University - City Campus Education 07/12/2023 371.001 MUH-F 2021 20069 07/12/2023 2 BOOK Science BOOK
    Superior Information Resource Center (SIRC) Superior University- Main Campus Superior Information Resource Center (SIRC) Superior University- Main Campus Education 07/12/2023 371.001 MUH-F 2021 20068 07/12/2023 1 BOOK    

Powered by Koha